Mirada al silencio
Guardado en:
| Hovedforfatter: | |
|---|---|
| Format: | Bog |
| Sprog: | Undetermined |
| Udgivet: |
Buenos Aires, Argentina
Fondo Nacional de las Artes
1987
|
| Fag: | |
| Tags: |
Tilføj Tag
Ingen Tags, Vær først til at tagge denne postø!
|
MARC
| LEADER | 00000nam a2200000Ia 4500 | ||
|---|---|---|---|
| 008 | 170316s9999 xx 000 0 und d | ||
| 040 | |a cru BVZT | ||
| 090 | |a 860 D-4.1m | ||
| 100 | |a Dei, H. Daniel |9 2342 | ||
| 245 | |a Mirada al silencio | ||
| 260 | |a Buenos Aires, Argentina | ||
| 260 | |b Fondo Nacional de las Artes | ||
| 260 | |c 1987 | ||
| 300 | |a 77 páginas | ||
| 650 | |a LITERATURA LATINOAMERICANA |9 15 | ||
| 942 | |c 15 D |h 860 D-4.1m |2 z |6 860_D41M | ||
| 999 | |c 8630 |d 8630 | ||
